عرض عادي
عرض مارك
- Geissman, T. A.
مدخل إسم شخص
001 - رقم الضبط
- حقل الضبط: 38086
003 - معرف رقم الضبط
- حقل الضبط: OSt
005 - تاريخ ووقت أخر عملية
- حقل الضبط: 20131022053711.0
008 - عناصر بيانات ثابتة الطول
- حقل تحكم ثابت الطول: 131022|||a|||||| | ||| d
040 ## - مصدر الفهرسة
- هيئة الفهرسة الأصلية: OSt
- وكالة الكتابة: OSt
100 ## - مدخل -- أسم شخص
- إسم شخص: Geissman, T. A.
- الشكل الكامل للاسم: (Theodore Albert),
- تواريخ مرتبطة بالاسم: 1908-
670 ## - بيانات المصدر موجوده
- الاستشهاد بالمصدر: Work cat.: (OSt)31370: Geissman, T. A. (Theodore Albert), 1908-, Principles of organic chemistry /, c1977.
